000
00316nam a22001337a 4500
008
180917b xxu||||| |||| 00| 0 eng d
020
_a
9780976308829
041
_a
eng
080
_a
610
100
_a
2
101
_a
SHM
245
_a
Persectives On Poverty And Health Care
_c
Burger.J.M
942
_2
udc
_c
BK
999
_c
47829
_d
47829